Big 4 Prefixes Quiz Stats

 Plays Quiz Updated Aug 11, 2018

Score 0/27 Timer 06:00
4 Plays Today
% Correct
Devils
72.5%
Angels
65.5%
Hawks
65.2%
Chargers
61.5%
Bills
56.4%
Rams
55.8%
Heat
51.1%
Mariners
48.7%
Nets
48.7%
Bears
46.7%
Brewers
45.9%
Packers
45.4%
Kings
44.8%
Padres
44.3%
% Correct
Mets
43.8%
Chiefs
40.8%
Lions
40.5%
Rays
37.3%
Reds
32.8%
Spurs
32%
Giants
28%
Suns
27.8%
Raptors
25.2%
Pirates
24.9%
Ducks
24.1%
Royals
22.6%
Flyers
21.8%

You're not logged in!

Compare scores with friends on all Sporcle quizzes.
OR
Log In

Sporcle TV

Today on Sporcle TV


Watch our educational content, quiz creation guides, and fun videos on Sporcle TV.

Show Comments

Extras

Top Quizzes Today


Score Distribution

Your Account Isn't Verified!

In order to create a playlist on Sporcle, you need to verify the email address you used during registration. Go to your Sporcle Settings to finish the process.

Report this User

Report this user for behavior that violates our Community Guidelines.

Details: